000 00635nam a2200193 i 4500
001 75756
003 ES-MaACL
005 20230906172602.0
007 t|
008 040927s1964 sp ||||1| spa d
100 1 _aRomanones, Aline Griffith,
_cCondesa de,
_d1923-2017
_999263
245 1 3 _aLa historia de Pascualete /
_cCondesa de Quintanilla ; [traducción del inglés, Condesa de Yebes].
250 _a[1ª ed.].
260 _aBarcelona :
_bPlaneta,
_c1964.
300 _a308 p., 20 lám. ;
_c19 cm.
700 1 _aMuñoz Roca-Tallada, Carmen.
_984488
852 _aES-MaACL
_jF-9865
_bR.55570
999 _c75756
_d75756